000 00315nam a22001337a 4500
008 170215b xxu||||| |||| 00| 0 eng d
020 _a9780874344462
041 _aeng
080 _22ND
_a61
100 _a4
101 _aSHM
245 _aMEDICATION ADMINISTRATION & I.V THERAPY MANUAL
_cBOYLE, P
942 _2udc
_cBK
999 _c5515
_d5515